Normal view
MARC view
- الاسلام - الحديث الشريف
Entry Topical Term
001 - CONTROL NUMBER
- control field: 35183
003 - CONTROL NUMBER IDENTIFIER
- control field: JO-AjAnu
005 - DATE AND TIME OF LATEST TRANSACTION
- control field: 20230606075903.0
008 - FIXED-LENGTH DATA ELEMENTS
- fixed length control field: 230606|| aca||aabn | a|a d
040 ## - CATALOGING SOURCE
- Original cataloging agency: JO-AjAnu
- Transcribing agency: JO-AjAnu
150 ## - HEADING--TOPICAL TERM
- Topical term or geographic name entry element: الاسلام - الحديث الشريف
670 ## - SOURCE DATA FOUND
- Source citation: Work cat.: (JO-AjAnu)18067: تاليف العباسي، الناصر لدين الله 575-622هجري/1179-1225م؛ تحقيق بدري محمد فهد؛ خرج احاديثة عبد الكريم بن رسمي آلدريني, author 35182, كتاب روح العارفين من كلام سيد المرسلين